The Odyssey - Statistics

General Stats
  • This quiz has been taken 773 times
  • The average score is 15 of 20
Answer Stats
Question Answer % Correct
Main character of The Odyssey Odysseus
98%
How many years did it take ^ to get home Ten
98%
Main characters wife Penelope
91%
God who hates the main character Poseidon
91%
Goddess who loves main characters cleverness Athena
90%
Species of monster which ^ is Cyclopes
89%
Sorceress who turns men to pigs Circe
88%
Blind poet credited with writing the Odyssey Homer
87%
Home of main character Ithaca
86%
Half-bird creatures who lure sailors to death with their voices Sirens
83%
Where ^ was Troy
83%
Nymph who held main character hostage on island for 7 years Calypso
81%
War that just ended letting everyone return home Trojan War
81%
King Aeolus gave main character a bag full of ___ Wind
77%
Two monsters the crew has to sail threw Scylla
74%
Son of ^ who main character blinds Polyphemus
71%
Charybdis
62%
Main character ate the livestock of ______ Helios
49%
Dead blind prophet main character must find Tiresias
44%
Main sin main character commits Hubris
24%
No matching quizzes found
Score Distribution
Percent of People with Each Score
Percentile by Number Answered
Your Score History
You have not taken this quiz